| 000 | 00360nam a2200157Ia 4500 | ||
|---|---|---|---|
| 008 | 221030s9999 xx 000 0 und d | ||
| 020 | _a8120323483 | ||
| 041 | _aEnglish | ||
| 082 |
_a105.23 _bPat |
||
| 100 | _aB. Pattanayak | ||
| 245 | 0 | _aHuman Resource Management | |
| 260 |
_bPHI _aNew Delhi _c2004 |
||
| 300 | _a429 | ||
| 650 | _aManagement | ||
| 942 | _cBK | ||
| 999 |
_c1978 _d1978 |
||